| 000 | 00383nam a22001457a 4500 | ||
|---|---|---|---|
| 999 |
_c8715 _d8715 |
||
| 003 | OSt | ||
| 008 | 200707b ||||| |||| 00| 0 eng d | ||
| 100 | _aGoyal, Sandeep K | ||
| 245 |
_aHuman Anatomy & Physiology-1 _b(Practical) |
||
| 250 |
_aPart-1 _b2019 |
||
| 260 |
_aNew Delhi _bPaging Publishers |
||
| 300 | _aPg. 76 | ||
| 650 | _aHuman Anatomy and Physiology | ||
| 942 |
_2ddc _cBK _04 |
||